000 00434nam a2200181Ia 4500
001 2064
005 20260306143815.0
008 260306t1998||||xx |||||||||||||| ||spa||
041 _aESP
082 _a612
_bC97
100 _aLasserson, Daniel,
_eAUT
245 0 _aSistema nervioso y sentidos especiales
260 _c1998
300 _avii, 244 páginas :
_c24 cm.
650 _aGEN
654 _aCPS
942 _cLIB
_dJUS
_fJUS
_2ddc
_n
999 _c2064
_d2064